Películas referenciadas en Los Simpson #7 - Estadísticas

Estadísticas generales
  • Esta prueba ha sido intentada 14 veces
  • La puntuación promedio es 6 de 20
Estadísticas de respuestas
Imagen Respuesta % Correcto
Mad Max: Furia en el camino
92%
Sin lugar para los débiles
85%
Rápidos y furiosos 7
54%
Toy Story
54%
Up
54%
La La Land
46%
Diamantes para el desayuno
23%
Evita
23%
La noche de los muertos vivientes
23%
Contracara
15%
Corazón valiente
15%
El motín del Bounty
15%
Encuentros cercanos del tercer tipo
15%
Los intocables
15%
El pueblo de los malditos
8%
El último emperador
8%
Negocios riesgosos
8%
Casablanca
0%
Sr. y Sra. Smtih
0%
Terror en Amityville
0%
No se encontraron pruebas coincidentes
Distribución de puntuación
Porcentaje de gente con cada puntuación
Porcentaje por número respondido
Historial de tus puntuaciones
No has intentado esta prueba.